000
00427nam a2200145Ia 4500
008
100122s9999 xx 000 0 und d
082
_b
64752
_a
823.08
100
_a
परांजपे अभय
245
_a
अविश्वसनिय
260
_b
गीता एजन्सीज
_c
2003
300
_a
181
630
_a
अविश्वसनिय
730
_a
अविश्वसनिय
942
_c
BOOK
999
_c
438165
_d
438162